LEADER 00602nam a2200181 i 4500 001 000000074047 003 CaOOAMICUS 005 20250729142631.0 008 070417s1944 it u000 u ita u 013 $a45219 040 $aSeMil$bita 245 10$aVolume 1. 300 $aXXX, 1135 p. 773 0 $aSerao, Matilde <1856-1927>$tSerao.$dMilano : Garzanti, 1944-1946.$kRomanzi e racconti italiani dell'Ottocento$w()17631 850 $aSeMil 852 $aSeMil$W1$xVenegono$y1$m1B IV 9$j40199$B40199$CSeMilBibl$Z2$F40203 $81 996 $6245$aVolume 1$9(OLS)http://semarc/title/46244 LEADER 01050nam a2200241 i 4500 001 000000074155 003 CaOOAMICUS 005 20100618000000.0 008 100618s1976 it u000 u ita u 013 $a45327 040 $aSeMil$bita 100 1 $aPoinsenet, Marie-Dominique.$0(OLS)http://semarc/name/36794 240 10$aJe ne cherche que Dieu et son Eglise Elizabeth Seton.$0(OLS)http://semarc/title/120319 245 13$aLa vita straordinaria e affascinante di Elisabeth Seton /$cM.-D. Poinsenet. 260 $aRoma :$bCittà Nuova,$ccopyr. 1976. 300 $a435 p., [8] p. di tav. ;$c20 cm. 500 $aContiene : Appendici ; Bibliografia. 650 4$aSeton, Elizabeth Anne .$0(OLS)http://semarc/subject/15138 850 $aSeMil 852 $aSeMil$W1$xVenegono$y1$m3H I 397$j40307$B40307$CSeMilBibl$Z2$F40311 $81 961 $aOmaggio: Donazione 996 $6245$aLa vita straordinaria e affascinante di Elisabeth Seton$9(OLS)http://semarc/title/120318 996 $6260$aRoma :$bCittà Nuova$9(OLS)http://semarc/publisher/29609